000 00913nam a2200241 i 4500
001 17736
003 ES-MaACL
005 20230906151645.0
007 t|
008 010511s1968 fr ||||1| spa d
080 _a332.2.056.62(460.351)
100 1 _aMartínez Alier, Joan.
_977836
245 1 3 _aLa estabilidad del latifundismo
_b: análisis de la interdependencia entre relaciones de producción y conciencia social en la agricultura latifundista de la Campiña de Córdoba /
_cJuan Martínez Alier.
260 _a[Paris] :
_bRuedo Ibérico,
_c[1968]
300 _aVII, 419 p., [8] p. de fot. ;
_c24 cm.
490 1 _aEspaña contemporánea
650 1 4 _aLatifundios-
_zCórdoba.
_914054
710 2 _aÉditions Ruedo ibérico.
_9145333
830 1 _aEspaña contemporánea
_9180360
852 _aES-MaACL
_jAND-21
_z- Biblioteca Juan Andrade.
852 _aES-MaACL
_jL-3340
999 _c17736
_d17736